| 000 | 00855nmm a2200301 a 4500 | ||
|---|---|---|---|
| 003 | AR-BaBNM | ||
| 005 | 20251128211624.0 | ||
| 008 | 015020s1995 ||||||||||||||000 | spa|| | ||
| 020 | _a0 19 431904 0 | ||
| 040 | _cAR-BaBNM | ||
| 245 | 1 | 0 | _aWinnie the witch |
| 250 | _a3th. ed. | ||
| 260 |
_aItalia _bOxford University Press _c1995 |
||
| 300 | 0 |
_a26 p. _bil., tablas |
|
| 500 | 0 | _aEl libro contiene un cuadernillo de actividades | |
| 500 | 0 | _aContiene diccionario con imágenes | |
| 650 | 4 | _aLIBROS PARA NINOS | |
| 650 | 4 | _aJUEGOS DIDACTICOS | |
| 650 | 4 | _aLITERATURA INGLESA | |
| 650 | 4 | _aLITERATURA CONTEMPORANEA | |
| 650 | 4 | _aENSENANZA DE IDIOMAS | |
| 655 | _aLITERATURA | ||
| 700 | 1 |
_aKorky, Paul _eilustrador |
|
| 700 | 1 |
_aThomas, Valerie _eilustrador |
|
| 700 | 1 |
_aCadwallader, Jane _eadaptador |
|
| 942 | _cBK | ||
| 998 | _cEugenia | ||
| 999 |
_c20458 _d20458 |
||